<?xml version="1.0" encoding="UTF-8"?>
<collection xmlns="http://www.loc.gov/MARC21/slim">
 <record>
  <leader>00586nam a22001695a 4500</leader>
  <controlfield tag="001">EEA.libagro002091</controlfield>
  <controlfield tag="005">20150206104752.0</controlfield>
  <controlfield tag="008">130809s1957####nyua##########000#0#eng#d</controlfield>
  <datafield tag="082" ind1="0" ind2="4">
   <subfield code="a">635</subfield>
  </datafield>
  <datafield tag="100" ind1="1" ind2=" ">
   <subfield code="a">Thompson, Homer Columbus,</subfield>
   <subfield code="d">1885-</subfield>
  </datafield>
  <datafield tag="245" ind1="1" ind2="0">
   <subfield code="a">Vegetable crops /</subfield>
   <subfield code="c">[by] Homer C. Thompson [and] William C. Kelly.</subfield>
  </datafield>
  <datafield tag="250" ind1=" " ind2=" ">
   <subfield code="a">5th ed.</subfield>
  </datafield>
  <datafield tag="260" ind1=" " ind2=" ">
   <subfield code="a">New York :</subfield>
   <subfield code="b">McGraw-Hill,</subfield>
   <subfield code="c">1957.</subfield>
  </datafield>
  <datafield tag="300" ind1=" " ind2=" ">
   <subfield code="a">viii, 611 p. :</subfield>
   <subfield code="b">il. ;</subfield>
   <subfield code="c">24 cm.</subfield>
  </datafield>
  <datafield tag="490" ind1="1" ind2=" ">
   <subfield code="a">McGraw-Hill publications in the agricultural sciences</subfield>
  </datafield>
  <datafield tag="700" ind1="1" ind2=" ">
   <subfield code="a">Kelly, William Cary,</subfield>
   <subfield code="d">1919-</subfield>
  </datafield>
  <datafield tag="859" ind1=" " ind2=" ">
   <subfield code="a">AR-BbBCA</subfield>
   <subfield code="b">BIB. AGRONOMIA</subfield>
   <subfield code="h">635</subfield>
   <subfield code="i">T472a5</subfield>
   <subfield code="p">1962/0100</subfield>
  </datafield>
 </record>
</collection>
